Advances in epitaxy and endotaxy : Selected chemical problems /
Gespeichert in:
| Weitere Verfasser: | , , |
|---|---|
| Format: | Buch |
| Sprache: | Englisch |
| Veröffentlicht: |
Amsterdam
Elsevier
1976
|
| Schlagworte: | |
| Tags: |
Keine Tags, Fügen Sie das erste Tag hinzu!
|
MARC
| LEADER | 00000nam a22000003a 4500 | ||
|---|---|---|---|
| 001 | 0087867 | ||
| 005 | 20210414093912.3 | ||
| 008 | 100412s1990----hu------------------eng-d | ||
| 020 | |a 0-444-99845-4 | ||
| 040 | |a STU |b slo | ||
| 041 | 0 | |a eng | |
| 044 | |a ne | ||
| 080 | |a 538.975 | ||
| 080 | |a 539.23 | ||
| 080 | |a 621.382 | ||
| 100 | 1 | |a Schneider, H.G |4 edt | |
| 245 | 1 | |a Advances in epitaxy and endotaxy : |b Selected chemical problems / |c Ed.: Schneider, H.G., Ruth, V. | |
| 260 | |a Amsterdam |b Elsevier |c 1976 | ||
| 300 | |a 344 s. | ||
| 650 | 7 | |a fyzika tuhých látok |2 stusub | |
| 650 | 7 | |a fyzika polovodičov |2 stusub | |
| 650 | 7 | |a epitaxia |2 stusub | |
| 700 | 1 | |a Ruth, V |4 edt | |
| 700 | 1 | |a Kormány, T. |4 edt | |
| 996 | |b 284M088728 |c M* 14462-1 |l MMST |s A |a 24 |w 0087867_0001 | ||